| 000 | 00531nam a22001817a 4500 | ||
|---|---|---|---|
| 005 | 20180829101140.0 | ||
| 010 | _aENG-123869 | ||
| 020 |
_a9788121618793 _c150.00 |
||
| 035 | _aEN-107401 | ||
| 037 | _bDBAD/PUB | ||
| 082 | _a230.33 | ||
| 100 | _aParamhansa Yogananda | ||
| 245 |
_aThe autobiography of a yogi / _cby Paramhansa Yogananda |
||
| 260 |
_aNoida _bMain Street _c2013 |
||
| 270 |
_aE-14, sector-11, _bNoida _e201301 |
||
| 300 | v |
_a351p. _c18cm(pbk.) _bill.(pictures) |
|
| 942 |
_2ddc _cEN _mPAR _h230.33 |
||
| 999 |
_c156456 _d156456 |
||